| 000 | 00570nam a22001817a 4500 | ||
|---|---|---|---|
| 005 | 20251108174811.0 | ||
| 008 | 250721s1996 xx 000 0 ara d | ||
| 082 | 1 | 4 | _a808.066/قرع |
| 100 | 1 | _aقرعاوي، حسن علي | |
| 245 | 1 | 0 | _aالكتابة الفنية و الموضوعية / |
| 264 | 1 |
_aعمان : _bدار النسر للنشر و التوزيع، _c1996. |
|
| 300 | _a227ص. | ||
| 650 | 1 | 7 | _aالكتابة الفنية |
| 650 | 1 | 7 | _aعملية الاتصال |
| 650 | 1 | 7 | _aالتقارير الفنية |
| 942 |
_2ddc _cBK |
||
| 999 |
_c118395 _d118395 |
||